| 000 | 01242cam a2200289 i 4500 | ||
|---|---|---|---|
| 005 | 20251108173424.0 | ||
| 008 | 250721s2005 jo a gr 000 0 ara d | ||
| 082 | 1 | 4 |
_a001.434 _bم ن ا |
| 100 | 1 |
_aأبو زينة، فريد كامل _eمؤلف |
|
| 245 | 1 | 0 |
_aمناهج البحث العلمي / _cاشراف سعيد التل ؛ تأليف فريد كامل ابو زينه [ و 4 اخرون ]. |
| 250 | _aالطبعة الاولى. | ||
| 264 | 3 | 1 |
_aعمان : _bدار المسيرة للنشر والتوزيع، _c2005. |
| 264 | 3 | 1 |
_aعمان : _bجامعة عمان العربية للدراسات العليا. |
| 300 | _aجزء 3. | ||
| 505 | 0 | _aالمحتويات : الكتاب الثالث : طرق البحث النوعي. | |
| 650 | 1 | 7 | _aالأبحاث. |
| 650 | 1 | 7 | _aالبحث الميداني. |
| 650 | 1 | 7 | _aأساليب البحث. |
| 650 | 1 | 7 | _aالتفكير المبدع. |
| 700 | 1 |
_aالإبراهيم، مروان _eمؤلف. |
|
| 700 | 1 |
_aقنديلجي، عامر _eمؤلف. |
|
| 700 | 1 |
_aعدس، عبد الرحمن _eمؤلف. |
|
| 700 | 1 |
_aعليان، خليل _eمؤلف. |
|
| 700 | 1 |
_aالتل، سعيد _eمحرر. |
|
| 942 |
_2ddc _cBK |
||
| 999 |
_c103496 _d103496 |
||